Online
Catalog

Voyage d'un naturaliste en Haiti, 1799-1803 / (Record no. 18261)

MARC details
000 -CABECERA
campo de control de longitud fija 00897cam a2200253 a 4500
001 - NÚMERO DE CONTROL
campo de control 000018741
005 - FECHA Y HORA DE LA ÚLTIMA TRANSACCIÓN
campo de control 20200929165842.0
008 - DATOS DE LONGITUD FIJA--INFORMACIÓN GENERAL
campo de control de longitud fija 840809s1935 fr b 000 0afre d
010 ## - NÚMERO DE CONTROL DE LA BIBLIOTECA DEL CONGRESO
Número de control de LC ac 36001747
035 ## - NÚMERO DE CONTROL DEL SISTEMA
Número de control de sistema (DLC)ac 36001747
040 ## - FUENTE DE LA CATALOGACIÓN
Centro catalogador/agencia de origen DO-SdBNP
Lengua de catalogación BNPHU
Centro/agencia transcriptor DLC
082 ## - NÚMERO DE LA CLASIFICACIÓN DECIMAL DEWEY
Número de clasificación 972.9403
Número de documento/Ítem D448v
049 ## - FONDOS LOCALES (OCLC)
Fondos de biblioteca BNPHU
100 1# - ENTRADA PRINCIPAL--NOMBRE DE PERSONA
Nombre de persona Descourtilz, M. E.
Fechas asociadas al nombre 1775-1835
9 (RLIN) 40441
245 10 - MENCIÓN DE TÍTULO
Título Voyage d'un naturaliste en Haiti, 1799-1803 /
Mención de responsabilidad, etc. M.E. Descourtilz.
260 ## - PUBLICACIÓN, DISTRIBUCIÓN, ETC.
Lugar de publicación, distribución, etc. Paris :
Nombre del editor, distribuidor, etc. Librairie Plon,
Fecha de publicación, distribución, etc. 1935.
300 ## - DESCRIPCIÓN FÍSICA
Extensión xxiv, 232 p. :
Otras características físicas map. ;
Dimensiones 20 cm.
490 1# - MENCIÓN DE SERIE
Mención de serie Nouvelle bibliothèque des voyages; sous la direction de Jacques Boulenger
651 #4 - PUNTO DE ACCESO ADICIONAL DE MATERIA--NOMBRE GEOGRÁFICO
Nombre geográfico Haiti
Subdivisión general Historia
9 (RLIN) 8418
600 14 - PUNTO DE ACCESO ADICIONAL DE MATERIA--NOMBRE DE PERSONA
Nombre de persona DESCOURTILZ, M.E.
Forma completa/desarrollada del nombre (MICHEL ETIENNE),
Fechas asociadas al nombre 1775-1835
9 (RLIN) 40442
700 1# - PUNTO DE ACCESO ADICIONAL--NOMBRE DE PERSONA
Nombre de persona Boulenger, Jacques,
Fechas asociadas al nombre 1879-1944.
9 (RLIN) 40443
830 #0 - PUNTO DE ACCESO ADICIONAL DE SERIE-TÍTULO UNIFORME
Título uniforme Nouvelle bibliothèque des voyages
9 (RLIN) 40444
910 ## - DATOS DE OPCIÓN DEL USUARIO (OCLC)
Datos de opción del usuario Catalogación derivada / LC
Holdings
Estado de retiro Estado de pérdida Restricciones de uso No para préstamo Código de colección Localización permanente Ubicación/localización actual Ubicación en estantería Fecha de adquisición Número de inventario Total de préstamos Signatura topográfica completa Código de barras Fecha visto por última vez Precio válido a partir de Tipo de ítem Koha
      Excluido de préstamo Monografías: Libros y Folletos General General En catalogación 14.05.2010 LF1   972.9403 D448v 18741-10 25.06.2020 25.06.2020 No se presta

Powered by Koha